000 00722nam a2200169 4500
999 _c17390
_d17390
008 221006b ||||| |||| 00| 0 eng d
020 _a9781350129887
082 _22021
_aDC 372.370941
_bT220
245 _aTeaching personal, social, health and economic and relationships, (sex) and health education in primary schools :
_benhancing the whole curriculum /
_cedited by Victoria Pugh and Daniel Hughes.
260 _aLondon :
_bBloombury Academic,
_c©2021.
300 _axv, 200 :
_billustrations ;
_c24 cm.
500 _aIncludes index.
650 _a Health education (Elementary)
_zGreat Britain.
_946269
700 _aPugh, Victoria.
_eeditor.
_946270
700 _aHughes, Daniel.
_eeditor.
_946271
942 _2ddc
_cDC